000 00559nam a2200217Ia 4500
003 0100
005 20140522124459.0
008 130303s9999 xx 000 0 und d
040 _cARRUPELIB
050 _aJZ1318.S583 2004
100 _aSinger, Peter
_910308
245 _aOne world
245 _bthe ethics of globalization
260 _aNew Haven And London
260 _bYale University Press
300 _axxv
300 _b 235p. 20cm.
650 _bThomas Aquinas, St - Ethics
_910309
650 _cEthics
_910310
942 _2lcc
_cMONOGRAPH
999 _c61779
_d61779